| 000 | 01165cam a2200325 i 4500 | ||
|---|---|---|---|
| 001 | 17908400 | ||
| 003 | EG-ScBUE | ||
| 005 | 20241024082252.0 | ||
| 008 | 131018t2014 enka f b 001 0 eng d | ||
| 020 | _a9781447154594 | ||
| 040 |
_aDLC _beng _erda _cDLC _dEG-ScBUE |
||
| 082 | 0 | 4 |
_222 _a515.353 _bJOV |
| 100 | 1 |
_aJovanovic, Bosko S., _eauthor. |
|
| 245 | 1 | 0 |
_aAnalysis of finite difference schemes : _bfor linear partial differential equations with generalized solutions / _cBosko S. Jovanovic, Endre Suli. |
| 250 | _aFirst edition. | ||
| 264 | 1 |
_aLondon : _bSpringer, _c[2014] |
|
| 264 | 4 | _cc2014 | |
| 300 |
_axiii, 408 pages : _billustrations ; _c24 cm. |
||
| 336 |
_2rdacontent _atext _btxt |
||
| 337 |
_aunmediated _2rdamedia _bn |
||
| 338 |
_avolume _bnc _2rdacarrier |
||
| 490 | 0 |
_aSpringer series in computational mathematics ; _v46 |
|
| 504 | _aIncludes bibliographical references and index. | ||
| 650 | 7 |
_2BUEsh _918377 _aBoundary value problems. |
|
| 650 | 7 |
_aDifferential equations, Partial _xNumerical solutions. _2BUEsh |
|
| 653 |
_bENGELC _cOctober2016 |
||
| 655 | _vReading book | ||
| 700 | 1 |
_aSuli, Endre, _eauthor. _910686 |
|
| 942 |
_2ddc _cBB |
||
| 999 |
_c22746 _d22718 |
||